[Event "Eq:modesty-Les Gens du Sud :"]
[Site "www.echecsemail.com"]
[Date "2026.01.02"]
[Round "1"]
[White "Cobraxx10"]
[Black "Sandrapaul"]
[WhiteElo "2210"]
[BlackElo "2440"]
[Result "0-1"]
1.Ng1f3 d5
2.e3 Ng8f6
3.d4 Bc8f5
4.Bf1d3 Bf5xd3
5.Qd1xd3 e6
6.b3 c5
7.Bc1b2 cxd4
8.exd4 Nb8c6
9.a3 g6
10.O-O Bf8g7
11.Nf3e5 Ra8c8
12.Ne5xc6 bxc6
13.b4 O-O
14.Nb1d2 a5
15.Nd2b3 axb4
16.axb4 Nf6e4
17.Nb3c5 Ne4xc5
18.bxc5 Qd8c7
19.Bb2c3 Rc8a8
20.Ra1xa8 Rf8xa8
21.Rf1a1 Ra8xa1
22.Bc3xa1 e5
23.dxe5 Bg7xe5
24.Ba1xe5 Qc7xe5
25.g3 Qe5e1
26.Kg2 Qe1b4
27.Qd3e3 Qb4e4
28.Kf1 Qe4xe3
29.fxe3 Kg7
{ abandon }0-1

[Event "Défi"]
[Site "www.echecsemail.com"]
[Date "2026.01.02"]
[Round "1"]
[White "Oscar"]
[Black "Khamis"]
[WhiteElo "1950"]
[BlackElo "1880"]
[Result "1-0"]
1.d4 d5
2.e3 Ng8f6
3.c4 c6
4.Ng1f3 Bc8g4
5.Nb1c3 e6
6.Bf1e2 Bf8d6
7.O-O O-O
8.c5 Bd6c7
9.h3 Bg4h5
10.Nf3h2 Bh5xe2
11.Qd1xe2 Nb8d7
12.Bc1d2 b6
13.cxb6 axb6
14.Rf1c1 Qd8b8
15.g3 g6
16.a3 e5
17.dxe5 Nd7xe5
18.f4 Ne5c4
19.Nc3d1 c5
20.b3 Nc4xd2
21.Qe2xd2 Rf8d8
22.Qd2b2 Nf6e4
23.Kg2 Rd8e8
24.Nh2g4 d4
25.exd4 cxd4
26.Qb2xd4 Qb8b7
27.Ng4h6 Kf8
28.Qd4c4 Ne4d2
29.Qc4c6 Qb7xc6
30.Rc1xc6 Re8e2
31.Kg1 Bc7d8
32.Nd1c3 Nd2f3
33.Kf1 Re2h2
34.Ra1d1 Rh2xh3
35.Kf2 Nf3e5
36.fxe5 Rh3xh6
37.Kg2 Rh6h5
38.a4 Rh5xe5
39.Rc6d6 Re5e8
40.Nc3d5 b5
41.axb5 Ra8a2
42.Kh3 Bd8g5
43.Kg4 Bg5d2
44.Nd5c7 h5
45.Kh3 Re8e2
46.b6 Bd2b4
47.Rd6d8 Kg7
48.Rd1h1 Bb4c3
49.b7 Bc3f6
50.Nc7e8 Kh6
51.Ne8xf6 g5
52.b8Q g4
53.Nf6xg4 hxg4
54.Kxg4 { abandon }1-0

[Event "Défi( 10J+24H/c 10J Max )"]
[Site "www.echecsemail.com"]
[Date "2026.01.02"]
[Round "1"]
[White "Voyageur"]
[Black "Anumisme"]
[WhiteElo "1540"]
[BlackElo "1180"]
[Result "0-1"]
1.d4 d5
2.c4 Ng8f6
3.Nb1c3 dxc4
4.e3 e6
5.Bf1xc4 Bf8b4
6.Qd1a4 Nb8c6
7.Bc4b5 Bc8d7
8.Bb5xc6 Bb4xc3
9.bxc3 Bd7xc6
10.Qa4b4 Bc6xg2
{ abandon }0-1

[Event "Défi"]
[Site "www.echecsemail.com"]
[Date "2026.01.02"]
[Round "1"]
[White "Turbo"]
[Black "Jlr"]
[WhiteElo "1350"]
[BlackElo "1340"]
[Result "0-1"]
1.e4 e5
2.Ng1f3 d6
3.Bf1c4 Ng8f6
4.h3 h6
5.a4 Nf6xe4
6.d4 a6
7.dxe5 Nb8c6
8.Nb1c3 Ne4xc3
9.bxc3 Nc6a5
10.Bc4d3 dxe5
11.Nf3xe5 Qd8f6
12.f4 Qf6h4
13.Kd2 Qh4xf4
14.Ke1 Qf4g3
15.Kd2 Qg3xg2
16.Bd3e2 Qg2d5
17.Ne5d3 Na5c4
18.Ke1 Qd5xh1
19.Be2f1 Qh1e4
20.Bf1e2 Qe4h1
21.Be2f1 Qh1e4
22.Bf1e2 Qe4h4
23.Nd3f2 Bf8c5
{ abandon }0-1

[Event "5 octobre 2025"]
[Site "www.echecsemail.com"]
[Date "2026.01.02"]
[Round "1"]
[White "Kaelstrum"]
[Black "Jyfsk"]
[WhiteElo "1400"]
[BlackElo "1770"]
[Result "1-0"]
1.e4 c5
2.Ng1f3 d6
3.d4 cxd4
4.Nf3xd4 Ng8f6
5.Nb1c3 e6
6.f3 Bf8e7
7.Bc1e3 O-O
8.Bf1c4 Bc8d7
9.O-O Nb8c6
10.Qd1d2 Nc6xd4
11.Be3xd4 a6
12.Qd2f2 b5
13.Bc4b3 Bd7c6
14.Rf1d1 Ra8b8
15.Rd1d2 Qd8c7
16.Ra1d1 e5
17.Bd4e3 a5
18.a3 b4
19.axb4 axb4
20.Nc3e2 Rf8d8
21.Be3a7 Rb8a8
22.Ba7b6 Qc7b7
23.Bb6xd8 Be7xd8
24.Rd2xd6 Bd8e7
25.Rd6d2 Kf8
26.Kh1 Ke8
27.Ne2g3 Nf6g4
28.fxg4 f6
29.Ng3f5 Kf8
30.Nf5xe7 Kxe7
31.Bb3d5 Bc6xd5
32.Rd2xd5 { abandon }1-0

[Event "Tournoi n27332"]
[Site "www.echecsemail.com"]
[Date "2026.01.02"]
[Round "1"]
[White "Mandrak"]
[Black "Kaspalex"]
[WhiteElo "1600"]
[BlackElo "1910"]
[Result "0-1"]
1.d4 d5
2.e3 e6
3.f4 c5
4.b3 cxd4
5.Qd1xd4 Bc8d7
6.c3 Nb8c6
7.Qd4d3 Ng8f6
8.Nb1d2 Bf8e7
9.Ng1f3 e5
10.Nf3xe5 Nc6xe5
11.fxe5 Nf6g4
12.Nd2f3 Qd8c7
13.Qd3d4 O-O
14.Qd4d3 Ng4xe5
15.Nf3xe5 Qc7xe5
16.Bc1d2 Be7c5
17.O-O-O Bd7f5
18.Qd3e2 Bc5a3
0-1

[Event "Coupe Niveau 1"]
[Site "www.echecsemail.com"]
[Date "2026.01.02"]
[Round "1"]
[White "Jlr"]
[Black "Katastrofic"]
[WhiteElo "1360"]
[BlackElo "1440"]
[Result "1-0"]
1.e4 e5
2.Ng1f3 d6
3.Bf1c4 Bf8e7
4.h3 Ng8f6
5.Nf3g5 O-O
6.Nb1c3 h6
7.h4 hxg5
8.hxg5 Nf6d5
9.Qd1h5 { abandon }1-0

[Event "Défi( 10J+24H/c 10J Max )"]
[Site "www.echecsemail.com"]
[Date "2026.01.02"]
[Round "1"]
[White "Tiounet"]
[Black "Vb83"]
[WhiteElo "1650"]
[BlackElo "1440"]
[Result "0-1"]
1.a3 e5
2.b4 d5
3.Bc1b2 d4
4.Ng1f3 Nb8d7
5.g3 Ng8f6
6.Bf1g2 Ra8b8
7.O-O b5
8.d3 Bf8d6
9.c3 c5
10.bxc5 dxc3
11.Bb2xc3 Bd6xc5
12.Nf3xe5 Nd7xe5
13.Bc3xe5 Rb8b7
14.Bg2xb7 Bc8xb7
15.Nb1d2 Qd8d5
16.Nd2f3 O-O
17.Be5xf6 gxf6
18.Qd1c2 Rf8e8
19.Qc2c3 Re8xe2
20.Qc3xf6 Qd5xd3
21.Nf3g5 Bb7d5
22.Qf6h6 Bc5d4
23.Ra1d1 Bd4xf2
24.Rf1xf2 Qd3xd1
25.Rf2f1 Re2g2
{ abandon }0-1

[Event "Défi"]
[Site "www.echecsemail.com"]
[Date "2026.01.02"]
[Round "1"]
[White "Jlr"]
[Black "Turbo"]
[WhiteElo "1360"]
[BlackElo "1370"]
[Result "1-0"]
1.e4 e5
2.Ng1f3 Nb8c6
3.Bf1c4 h6
4.d3 Nc6a5
5.Bc4d5 c6
6.Nf3xe5 cxd5
7.Nb1c3 Qd8c7
8.Bc1f4 Qc7c5
9.Nc3a4 Qc5b4
10.c3 Qb4e7
11.d4 d6
12.Ne5f3 Qe7xe4
13.Bf4e3 b5
14.O-O Bf8e7
15.Na4c5 dxc5
16.dxc5 Ng8f6
17.Rf1e1 g5
18.Nf3d4 Nf6g4
19.Nd4xb5 Qe4e5
20.g3 Ng4xe3
21.Re1xe3 Qe5b8
22.Nb5d4 Na5c4
23.Qd1a4 Bc8d7
24.c6 Bd7h3
25.c7 Kf8
26.cxb8Q Ra8xb8
27.Re3f3 Nc4xb2
28.Qa4xa7 Rb8e8
29.Nd4c6 Bh3g4
30.Rf3e3 Nb2c4
31.Re3xe7 Re8xe7
32.Qa7xe7 Kg7
33.Nc6d8 Bg4e6
34.Nd8xe6 { abandon }1-0

[Event "Défi( 10J+24H/c 10J Max )"]
[Site "www.echecsemail.com"]
[Date "2026.01.02"]
[Round "1"]
[White "Jetjet91330"]
[Black "Katastrofic"]
[WhiteElo "2100"]
[BlackElo "1450"]
[Result "1-0"]
1.e4 e5
2.f4 exf4
3.Ng1f3 Bf8e7
4.d4 d6
5.Bc1xf4 Ng8f6
6.Nb1c3 O-O
7.Bf1e2 b6
8.O-O c5
9.d5 Bc8a6
10.Be2xa6 Nb8xa6
11.Nc3b5 Nf6xe4
12.Rf1e1 h6
13.Re1xe4 f5
14.Re4e6 Rf8e8
15.Nb5xd6 Be7xd6
16.Re6xd6 Qd8c8
17.Qd1d2 Re8d8
18.Rd6xd8 Qc8xd8
19.Ra1e1 Qd8d7
20.c4 Ra8e8
21.Nf3e5 Qd7b7
22.Ne5c6 Re8xe1
23.Qd2xe1 Na6c7
24.Bf4xc7 Qb7xc7
25.Nc6e7 Kh7
26.Qe1e6 Qc7f4
27.Qe6g8 1-0

[Event "Défi"]
[Site "www.echecsemail.com"]
[Date "2026.01.02"]
[Round "1"]
[White "Ephixe"]
[Black "Superman"]
[WhiteElo "1800"]
[BlackElo "1790"]
[Result "0-1"]
1.d4 Ng8f6
2.c4 e6
3.Nb1c3 c5
4.Bc1g5 Bf8e7
5.Ng1f3 cxd4
6.Nf3xd4 O-O
7.e4 h6
8.Bg5h4 Nb8c6
9.Bf1e2 Qd8c7
10.O-O Rf8d8
11.Bh4g3 d6
12.Nd4b5 Qc7b8
13.c5 e5
14.cxd6 Be7xd6
15.Nb5xd6 Rd8xd6
16.Qd1e1 Bc8d7
17.Ra1d1 Rd6xd1
18.Qe1xd1 Qb8e8
19.Bg3h4 g5
20.Bh4g3 a6
21.Qd1d6 Kg7
22.Rf1d1 Ra8d8
23.Qd6a3 Bd7c8
24.f3 Nc6d4
25.Be2f1 Nd4c2
26.Rd1xd8 Qe8xd8
27.Qa3c5 Nc2d4
28.Nc3e2 Nd4c6
29.Bg3xe5 Bc8e6
30.Be5xf6 Qd8xf6
31.b3 Qf6b2
32.Ne2c3 Qb2c1
33.Qc5e3 Qc1xe3
{ abandon }0-1

[Event "TRISTAN DA CUNHA"]
[Site "www.echecsemail.com"]
[Date "2026.01.02"]
[Round "1"]
[White "Casisimed"]
[Black "Orosco"]
[WhiteElo "1640"]
[BlackElo "2270"]
[Result "0-1"]
1.e4 e5
2.Ng1f3 Nb8c6
3.Nb1c3 Ng8f6
4.Bf1c4 Nf6xe4
5.Nc3xe4 d5
6.Bc4xd5 Qd8xd5
7.d3 Bf8b4
8.c3 f5
9.Ne4g5 Bb4e7
10.c4 Qd5d6
11.O-O h6
12.Ng5h3 f4
13.Rf1e1 Bc8xh3
14.gxh3 O-O-O
15.Qd1c2 Nc6b4
16.Qc2a4 Nb4xd3
17.Re1d1 e4
18.Nf3d2 Qd6g6
19.Kf1 f3
20.Qa4xa7 Qg6g2
0-1

[Event "Eq:Mission Impossible-modesty :"]
[Site "www.echecsemail.com"]
[Date "2026.01.02"]
[Round "1"]
[White "Cobraxx10"]
[Black "Pherce"]
[WhiteElo "2210"]
[BlackElo "2230"]
[Result "0-1"]
1.e4 e5
2.d4 exd4
3.c3 dxc3
4.Bf1c4 cxb2
5.Bc1xb2 Bf8b4
6.Nb1c3 Ng8f6
7.Bc4xf7 Kxf7
8.Qd1b3 d5
9.Qb3xb4 Nb8c6
10.Qb4b3 Rh8e8
11.Ng1e2 Nc6a5
12.Qb3a4 Na5c4
13.Bb2c1 Nf6xe4
14.O-O Ne4xc3
15.Ne2xc3 c6
16.Bc1f4 Qd8f6
17.Bf4g3 Qf6xc3
18.Ra1c1 Qc3d3
19.Rf1d1 Qd3e4
20.f3 Qe4f5
21.Rd1e1 Re8xe1
22.Rc1xe1 Bc8e6
23.Bg3f2 Qf5f6
24.Qa4b3 b6
25.a4 Ra8e8
26.h4 Be6d7
27.Re1xe8 Kxe8
{ abandon }0-1

[Event "Tournoi n27296"]
[Site "www.echecsemail.com"]
[Date "2026.01.02"]
[Round "1"]
[White "Katastrofic"]
[Black "Kaelstrum"]
[WhiteElo "1430"]
[BlackElo "1470"]
[Result "0-1"]
1.e4 e5
2.Bf1c4 Ng8f6
3.d3 h6
4.a3 Nb8c6
5.Bc1d2 Bf8c5
6.b4 Bc5b6
7.b5 Nc6d4
8.c3 Nd4e6
9.Bc4xe6 dxe6
10.c4 O-O
11.Ng1f3 Qd8d6
12.Bd2b4 Bb6c5
13.Bb4xc5 Qd6xc5
14.O-O b6
15.a4 Bc8b7
16.Nb1c3 Ra8d8
17.Rf1e1 c6
18.Ra1a2 Nf6h7
19.h3 a6
20.bxa6 Bb7xa6
21.Nf3h2 Ba6xc4
22.Ra2d2 Bc4a6
23.Nc3b1 Rd8d7
24.Re1e3 Rf8d8
25.Nh2f3 Nh7f6
26.Nf3e1 Nf6e8
27.Qd1c2 Qc5xc2
28.Ne1xc2 Ba6xd3
29.Rd2xd3 Rd7xd3
30.Re3xd3 Rd8xd3
31.Nb1a3 f6
32.f3 Ne8d6
33.Kf2 Rd3c3
{ abandon }0-1

[Event "Eq:Les Rois du Succes-Vikings :"]
[Site "www.echecsemail.com"]
[Date "2026.01.02"]
[Round "1"]
[White "Seb"]
[Black "Shoryuken59"]
[WhiteElo "1890"]
[BlackElo "2090"]
[Result "0-1"]
1.d4 Ng8f6
2.Nb1c3 d5
3.Bc1f4 e6
4.e3 Bf8b4
5.Bf1d3 Nb8c6
6.Ng1f3 O-O
7.O-O a6
8.a3 Bb4xc3
9.bxc3 Nf6e4
10.Qd1e1 Nc6a5
11.Nf3e5 f6
12.Ne5g4 e5
13.dxe5 Bc8xg4
14.f3 g5
15.fxg4 gxf4
16.exf4 fxe5
17.Bd3xe4 dxe4
18.Qe1xe4 Qd8d6
19.Rf1d1 Qd6c5
20.Kh1 Rf8xf4
21.Qe4e2 Ra8f8
22.Rd1f1 Qc5xc3
23.h3 Rf4xf1
24.Ra1xf1 Rf8xf1
25.Qe2xf1 Qc3xa3
26.Qf1f5 Qa3c1
27.Kh2 Qc1f4
28.Qf5xf4 exf4
29.h4 Na5c6
30.g5 Nc6d4
31.c3 Nd4e6
32.Kh3 a5
33.Kg4 a4
{ abandon }0-1

[Event "Défi"]
[Site "www.echecsemail.com"]
[Date "2026.01.02"]
[Round "1"]
[White "Goldorak"]
[Black "Burgman"]
[WhiteElo "2430"]
[BlackElo "2000"]
[Result "1-0"]
1.d4 d5
2.Ng1f3 Ng8f6
3.c4 c6
4.Nb1c3 Bc8f5
5.Bc1f4 e6
6.c5 Nb8d7
7.h3 b6
8.b4 a5
9.a3 axb4
10.axb4 bxc5
11.bxc5 Ra8xa1
12.Qd1xa1 Nf6e4
13.e3 Ne4xc3
14.Qa1xc3 Qd8a8
15.Bf1e2 Bf8e7
16.O-O O-O
17.Rf1a1 Qa8d8
18.Ra1a6 Qd8c8
19.Qc3a1 Be7f6
20.Qa1a4 Nd7b8
21.Ra6b6 Nb8d7
22.Rb6xc6 Qc8a8
23.Rc6a6 Qa8c8
24.c6 Nd7b8
25.Ra6b6 e5
26.Bf4xe5 Bf6xe5
27.Nf3xe5 Bf5e4
28.Qa4b5 f6
29.Ne5d3 Be4xd3
30.Be2xd3 Qc8d8
31.Rb6b7 Qd8d6
32.c7 Nb8c6
33.Qb5b6 Rf8c8
34.Rb7b8 Rc8f8
35.c8Q Nc6xb8
36.Qb6xd6 Rf8xc8
37.Qd6e6 { abandon }1-0

[Event "Tournoi n27338"]
[Site "www.echecsemail.com"]
[Date "2026.01.02"]
[Round "1"]
[White "Pioupiou22"]
[Black "Tiounet"]
[WhiteElo "1750"]
[BlackElo "1610"]
[Result "0-1"]
1.d4 b5
2.e4 Bc8b7
3.d5 a6
4.Ng1f3 Ng8f6
5.Bf1d3 g6
6.O-O Bf8g7
7.c3 O-O
8.Bc1g5 d6
9.Nb1d2 c6
10.dxc6 Nb8xc6
11.Rf1e1 Nf6d7
12.Ra1c1 Rf8e8
13.b4 Nd7e5
14.Bd3e2 Ra8c8
15.a3 Qd8d7
16.Nd2b3 Qd7g4
17.h3 Qg4xe4
18.Be2f1 Ne5xf3
19.Qd1xf3 Qe4xf3
20.gxf3 Nc6e5
21.Nb3d4 Bb7xf3
22.Bf1g2 Bf3xg2
23.Kxg2 Ne5d3
24.Re1d1 Nd3xc1
25.Bg5d2 Nc1d3
26.Kf1 Bg7xd4
27.cxd4 Rc8c2
28.Ke2 Nd3f4
29.Ke1 Nf4xh3
30.Bd2e3 f5
31.f4 Rc2c3
32.Be3c1 Re8c8
33.Kf1 Rc3xc1
34.Rd1xc1 Rc8xc1
35.Ke2 Nh3xf4
36.Kd2 Rc1a1
37.Ke3 g5
38.Kf3 Ra1xa3
39.Kf2 Ra3a4
40.Ke3 Ra4xb4
41.Kf3 Rb4xd4
42.Ke3 e5
43.Kf3 b4
44.Kf2 b3
{ abandon }0-1

[Event "Tournoi n27332"]
[Site "www.echecsemail.com"]
[Date "2026.01.02"]
[Round "1"]
[White "Blackrider"]
[Black "Albescab"]
[WhiteElo "1710"]
[BlackElo "1680"]
[Result "1-0"]
1.e4 e5
2.g3 d6
3.h3 Ng8f6
4.d3 Bc8e6
5.Bf1g2 Bf8e7
6.Ng1e2 Nb8c6
7.c3 d5
8.Nb1d2 O-O
9.O-O Qd8d7
10.Kh2 Be7c5
11.Ne2g1 d4
12.c4 Nc6b4
13.Nd2f3 Bc5e7
14.a3 Nb4c6
15.b3 Nf6h5
16.Nf3h4 g6
17.Bc1h6 Rf8e8
18.Nh4f3 Nc6a5
19.Nf3xe5 Qd7d6
20.f4 Be7f6
21.Ng1f3 c5
22.Ne5g4 Bf6g7
23.e5 Qd6d7
24.Bh6xg7 Nh5xg7
25.Ng4f6 Kh8
26.Nf6xd7 Be6xd7
27.Nf3g5 Ng7f5
28.Qd1d2 Na5xb3
29.Qd2e2 Nb3xa1
30.Rf1xa1 Re8f8
31.Bg2xb7 Ra8b8
32.Bb7d5 f6
33.exf6 Rf8xf6
34.Qe2e5 Rb8f8
35.Ng5f7 Kg7
36.g4 Nf5e3
37.g5 Rf8xf7
38.gxf6 Rf7xf6
39.Qe5e7 Kh6
40.Qe7xf6 Ne3c2
41.Ra1a2 Nc2e1
42.Bd5e4 Bd7a4
43.f5 Ba4c2
44.fxg6 Bc2xd3
45.gxh7 Kh5
46.h8Q 1-0

[Event "Défi( 10J+24H/c 10J Max )"]
[Site "www.echecsemail.com"]
[Date "2026.01.02"]
[Round "1"]
[White "Ephixe"]
[Black "Tunnellavage"]
[WhiteElo "1810"]
[BlackElo "1810"]
[Result "1-0"]
1.d4 Ng8f6
2.c4 e6
3.Nb1c3 c6
4.Bc1f4 Bf8b4
5.e3 Bb4xc3
6.bxc3 Qd8a5
7.Qd1d3 d5
8.cxd5 cxd5
9.Ng1e2 Nb8c6
10.Ne2g3 h6
11.Bf1e2 O-O
12.O-O Qa5d8
13.Be2d1 a5
14.Bd1c2 b6
15.Ng3h5 Nf6e4
16.f3 f5
17.fxe4 fxe4
18.Qd3e2 g5
19.Bf4g3 Nc6e7
20.Nh5f6 Kg7
21.Bg3e5 Kg6
22.Qe2h5 Kg7
23.Nf6xd5 { abandon }1-0

[Event "Tournoi n27357"]
[Site "www.echecsemail.com"]
[Date "2026.01.02"]
[Round "1"]
[White "Abelito"]
[Black "Mokanne"]
[WhiteElo "1600"]
[BlackElo "1450"]
[Result "0-1"]
1.e4 g6
2.Ng1f3 Bf8g7
3.d4 a6
4.Bc1f4 f6
5.Bf1c4 c6
6.Nb1c3 d6
7.d5 g5
8.Nf3d4 gxf4
9.Nd4e6 Bc8xe6
10.dxe6 b5
11.Bc4e2 Qd8c8
12.b4 Qc8xe6
13.Be2g4 f5
14.Bg4xf5 Bg7xc3
15.Kf1 Qe6c4
16.Kg1 Bc3xa1
17.Qd1xa1 Ng8f6
18.Qa1b2 Qc4e2
19.h3 Qe2e1
20.Kh2 Qe1xf2
21.Qb2c1 Qf2g3
22.Kg1 Rh8g8
23.Bf5e6 Qg3xg2
0-1

[Event "pour le plaisir  NOVEMBRE 2025"]
[Site "www.echecsemail.com"]
[Date "2026.01.02"]
[Round "1"]
[White "Abelito"]
[Black "Rachess"]
[WhiteElo "1620"]
[BlackElo "1610"]
[Result "1-0"]
1.e4 e6
2.d4 d5
3.Qd1f3 Ng8f6
4.e5 Nf6e4
5.Nb1c3 Bf8b4
6.Qf3g4 Ne4xc3
7.Bc1d2 Nc3xa2
8.Ra1xa2 Bb4xd2
9.Kxd2 O-O
10.Ra2a3 f5
11.Qg4e2 Nb8c6
12.Ng1f3 b6
13.Qe2e3 Nc6a5
14.Qe3g5 Qd8e8
15.Kc1 h6
16.Qg5d2 Qe8c6
17.Ra3c3 Qc6a4
18.Rc3a3 Qa4d7
19.Nf3h4 Kh7
20.g4 g6
21.Nh4xg6 Kxg6
22.gxf5 Rf8xf5
23.Rh1g1 Rf5g5
24.Ra3g3 Qd7e7
25.Qd2f4 Bc8d7
26.Bf1d3 Kg7
27.Rg3xg5 hxg5
28.Rg1xg5 Qe7xg5
29.Qf4xg5 Kf8
30.Qg5h6 Ke7
31.Qh6f6 Ke8
32.Bd3g6 1-0

[Event "Tournoi n27328"]
[Site "www.echecsemail.com"]
[Date "2026.01.02"]
[Round "1"]
[White "Samjf"]
[Black "4x4"]
[WhiteElo "1340"]
[BlackElo "1460"]
[Result "0-1"]
1.e4 e5
2.d3 Nb8c6
3.Ng1f3 d6
4.Bf1e2 Bc8e6
5.Bc1e3 Qd8d7
6.Nb1c3 O-O-O
7.Qd1d2 Bf8e7
8.h3 Ng8f6
9.Nc3b5 b6
10.Nb5xa7 Nc6xa7
11.Qd2c3 c5
12.d4 exd4
13.Nf3xd4 Kb7
14.Nd4b5 Na7xb5
15.Qc3d3 d5
16.e5 Nf6e8
17.Qd3b3 c4
18.Qb3a4 Rd8a8
19.Qa4xa8 Kxa8
20.a4 Nb5c7
21.a5 Nc7a6
22.Be3xb6 Ne8c7
23.b3 cxb3
24.cxb3 f6
25.Bb6d4 Be7b4
26.Kf1 f5
27.Ra1c1 Bb4xa5
28.Rc1a1 Nc7b5
29.Bd4b2 Rh8b8
30.Kg1 Na6b4
31.Ra1xa5 Kb7
32.Be2xb5 Qd7c7
33.Bb2d4 Qc7c2
34.Ra5a7 Kc8
35.Ra7xg7 Rb8xb5
36.Rg7xh7 Nb4d3
37.Rh7h8 Kb7
38.Rh8h7 Ka6
39.Rh7h6 Qc2c6
40.Kh2 Rb5xb3
41.Rh1a1 Kb5
42.Ra1d1 Nd3xf2
43.Bd4xf2 Qc6d7
44.Rh6h8 Qd7g7
45.Rh8b8 Ka4
46.Rd1d4 Ka3
47.Rb8a8 Kb2
48.Rd4d2 Kc3
49.Bf2e3 Qg7xe5
50.Kh1 Rb3b1
51.Be3g1 Kxd2
52.Ra8e8 Rb1xg1
53.Kxg1 d4
54.Re8a8 Be6d5
55.Ra8a1 Qe5e3
56.Kh2 Qe3e4
57.Ra1g1 Qe4f4
58.g3 Qf4f2
59.Rg1g2 Qf2xg2
0-1

[Event "Tournoi n27357"]
[Site "www.echecsemail.com"]
[Date "2026.01.02"]
[Round "1"]
[White "Mokanne"]
[Black "Tiounet"]
[WhiteElo "1450"]
[BlackElo "1670"]
[Result "0-1"]
1.e4 a6
2.d4 b5
3.Bc1e3 Bc8b7
4.d5 Ng8f6
5.Bf1d3 g6
6.Nb1d2 Bf8g7
7.c3 O-O
8.Qd1f3 d6
9.Be3d4 c6
10.Nd2b3 c5
11.Bd4xf6 Bg7xf6
12.Nb3d2 Nb8d7
13.O-O-O Nd7e5
14.Qf3e2 Ne5xd3
15.Kc2 c4
16.Ng1f3 Rf8e8
17.Nf3e1 Nd3f4
18.Qe2f3 Nf4h5
19.g4 Nh5g7
20.Nd2b1 Qd8b6
21.Qf3g2 e6
22.Ne1f3 exd5
23.exd5 Re8e2
24.Rd1d2 Re2xd2
25.Kxd2 Bb7xd5
26.Rh1e1 Qb6b7
27.Re1e3 Ng7e6
28.Qg2g3 Ne6c5
29.Qg3xd6 Bf6e7
30.Re3xe7 Qb7c6
31.Qd6xc6 Bd5xc6
32.Re7c7 Nc5e4
33.Ke3 Bc6d5
34.Nf3g5 Ne4xg5
35.Nb1d2 Ng5e6
36.Rc7e7 Kf8
37.Re7d7 Bd5h1
38.f3 Ne6c5
39.Rd7d5 Nc5d3
40.b3 Nd3c1
41.Nd2e4 Nc1xa2
42.g5 Ra8e8
43.f4 Re8xe4
44.Kf2 Re4xf4
45.Ke3 Bh1xd5
46.Kxf4 Na2xc3
{ abandon }0-1

[Event "Coupe Niveau 7"]
[Site "www.echecsemail.com"]
[Date "2026.01.02"]
[Round "1"]
[White "Orosco"]
[Black "Guig47"]
[WhiteElo "2260"]
[BlackElo "2210"]
[Result "1-0"]
1.e4 e6
2.d4 d5
3.Nb1d2 c5
4.Ng1f3 Nb8c6
5.exd5 exd5
6.Bf1b5 Ng8f6
7.O-O Bf8e7
8.dxc5 O-O
9.Nd2b3 Nf6e4
10.Bc1e3 Bc8g4
11.Bb5e2 a5
12.a4 Be7f6
13.c3 Rf8e8
14.Qd1c2 Bg4f5
15.Be2d3 Bf5g6
16.Ra1e1 Ne4g5
17.Be3xg5 Re8xe1
18.Rf1xe1 Bf6xg5
19.Bd3xg6 hxg6
20.Nf3xg5 Qd8xg5
21.Nb3d4 Ra8c8
22.Qc2b3 Nc6e5
23.Qb3xb7 Rc8e8
24.c6 Qg5d2
25.Re1f1 Ne5c4
26.c7 Nc4d6
27.Qb7c6 Re8e1
28.g3 Re1xf1
29.Kxf1 Qd2d3
30.Kg2 Qd3e4
31.f3 Qe4e1
32.Qc6xd6 Qe1d2
33.Kf1 Qd2d3
34.Kf2 { abandon }1-0

[Event "Défi"]
[Site "www.echecsemail.com"]
[Date "2026.01.02"]
[Round "1"]
[White "Jojo91"]
[Black "Malvina"]
[WhiteElo "1400"]
[BlackElo "1300"]
[Result "1-0"]
1.d4 d5
2.Nb1c3 Ng8f6
3.e3 Nb8c6
4.Bf1b5 Bc8d7
5.Ng1f3 e5
6.Qd1d3 a6
7.Nf3xe5 Nc6b4
8.Qd3e2 axb5
9.a3 Nb4a6
10.O-O Nf6e4
11.Nc3xd5 Bd7e6
12.Qe2xb5 c6
13.Qb5xb7 Be6c8
14.Qb7xa8 Bf8d6
15.Ne5xc6 Qd8d7
16.Nd5b6 Qd7c7
17.Nb6xc8 O-O
18.Qa8xa6 Rf8xc8
19.d5 Ne4c5
20.Qa6c4 Rc8e8
21.Bc1d2 Nc5d7
22.Ra1e1 h6
23.e4 Nd7e5
24.Qc4c3 Qc7d7
25.Bd2f4 Qd7g4
26.Bf4xe5 Bd6xe5
27.Qc3c5 Qg4d7
28.f4 Be5xb2
29.d6 Kh7
30.e5 g5
31.fxg5 hxg5
32.e6 fxe6
33.Re1b1 Bb2g7
34.Rb1b6 Bg7d4
35.Qc5xd4 Re8g8
36.Nc6e5 Qd7g7
37.Rf1f7 { abandon }1-0

[Event "Défi( 10J+24H/c 10J Max )"]
[Site "www.echecsemail.com"]
[Date "2026.01.02"]
[Round "1"]
[White "Vb83"]
[Black "Berjay"]
[WhiteElo "1420"]
[BlackElo "1700"]
[Result "1/2-1/2"]
1.e4 e5
2.Ng1f3 Nb8c6
3.Nf3xe5 Nc6xe5
4.d4 Ne5c6
5.Bf1b5 Ng8f6
6.Bb5xc6 dxc6
7.e5 Nf6d5
8.c4 Nd5b6
9.c5 Nb6d5
10.O-O Bf8e7
11.Nb1d2 O-O
12.Rf1e1 Be7h4
13.Nd2e4 b5
14.cxb6 cxb6
15.Ne4d6 Bc8e6
16.Qd1c2 Nd5b4
17.Qc2a4 Bh4xf2
18.Kxf2 Nb4d3
19.Kf1 Nd3xe1
20.Kxe1 Qd8h4
21.Kf1 Qh4xh2
22.Qa4xc6 Be6g4
23.Qc6d5 h5
24.Nd6xf7 Rf8xf7
25.Ke1 Ra8c8
26.Bc1e3 Qh2g3
27.Kd2 Rc8f8
28.Ra1f1 h4
29.Rf1xf7 Rf8xf7
30.e6 Rf7e7
31.Qd5d8 Kh7
32.Qd8xe7 Qg3xg2
33.Kc3 Qg2c6
34.Kd3 Bg4f5
35.Kd2 Qc6c2
36.Ke1 Qc2h2
37.Qe7f7 Bf5d3
38.Qf7h5 Kg8
39.Qh5e8 { nul }1/2-1/2

[Event "Tournoi n27286"]
[Site "www.echecsemail.com"]
[Date "2026.01.02"]
[Round "1"]
[White "Legrillon"]
[Black "Jerem51"]
[WhiteElo "1700"]
[BlackElo "1799"]
[Result "0-1"]
1.e4 e6
2.d4 d5
3.exd5 exd5
4.Nb1c3 Ng8f6
5.Bc1g5 Bc8e6
6.h3 h6
7.Bg5xf6 Qd8xf6
8.Ng1f3 Bf8d6
9.Bf1d3 a6
10.a3 Nb8c6
11.Qd1e2 Nc6xd4
12.Nf3xd4 Qf6xd4
13.Bd3f5 Kd7
14.Bf5xe6 fxe6
15.Ra1d1 Qd4f4
16.g3 Qf4f6
17.Rd1d3 Ra8c8
18.Rd3f3 Qf6g6
19.O-O Bd6c5
20.Nc3a4 Bc5a7
21.Rf1d1 Rc8f8
22.c4 b5
23.cxb5 Rf8xf3
24.Qe2xf3 axb5
25.Na4c3 c6
26.b4 Rh8a8
27.Nc3e4 Qg6f5
28.Qf3xf5 exf5
29.Ne4c3 Ba7b8
30.Nc3b1 g5
31.Rd1d4 Ra8a7
32.Kg2 Bb8e5
33.Rd4d3 Kd6
34.h4 gxh4
35.gxh4 Ra7g7
36.Kh3 Rg7g1
37.Nb1c3 Rg1h1
38.Kg2 Rh1h2
39.Kg1 Rh2xh4
40.Nc3e2 Ke6
41.Kf1 h5
42.Rd3e3 d4
43.Re3f3 f4
44.Ne2c1 Rh4h1
45.Ke2 Rh1xc1
46.Rf3d3 Rc1c3
47.Rd3xc3 dxc3
{ abandon }0-1

[Event "Défi"]
[Site "www.echecsemail.com"]
[Date "2026.01.02"]
[Round "1"]
[White "64uiop"]
[Black "Jerem51"]
[WhiteElo "2590"]
[BlackElo "1959"]
[Result "0-1"]
1.e4 e6
2.d4 d5
3.exd5 exd5
4.Ng1f3 Nb8c6
5.Bf1b5 Bf8d6
6.O-O a6
7.Bb5xc6 bxc6
8.c4 dxc4
9.Bc1g5 f6
10.Rf1e1 Ng8e7
11.Bg5h4 O-O
12.Nb1c3 Bc8f5
13.Qd1a4 Bf5d3
14.b3 Ne7d5
15.Nc3e4 Bd6b4
{ abandon }0-1

[Event "Eq:Avalon-LES CHATTERBOX :"]
[Site "www.echecsemail.com"]
[Date "2026.01.02"]
[Round "1"]
[White "Neddy"]
[Black "Hberlioz"]
[WhiteElo "1410"]
[BlackElo "1680"]
[Result "0-1"]
1.e4 e5
2.Ng1f3 Nb8c6
3.d4 exd4
4.Nf3xd4 Nc6xd4
5.Qd1xd4 d6
6.Bf1d3 Ng8f6
7.Nb1c3 b6
8.Nc3b5 Bc8b7
9.Qd4c4 c6
10.Nb5d4 Qd8d7
11.Nd4f3 O-O-O
12.Nf3g5 d5
13.Qc4b3 dxe4
14.Bd3c4 b5
15.Ng5xf7 bxc4
16.Nf7xd8 cxb3
17.Nd8xb7 Qd7xb7
18.axb3 Qb7b6
19.O-O Bf8c5
20.Bc1g5 h6
21.Bg5h4 g5
22.Bh4g3 Nf6g4
23.h3 Ng4f6
24.c3 e3
25.b4 exf2
26.Bg3xf2 Bc5xf2
27.Rf1xf2 Nf6e4
28.Ra1f1 Ne4xf2
29.Rf1xf2 Rh8f8
{ abandon }0-1

[Event "Tournoi échelle division 2"]
[Site "www.echecsemail.com"]
[Date "2026.01.02"]
[Round "1"]
[White "Patau"]
[Black "Nbelnico"]
[WhiteElo "1680"]
[BlackElo "1730"]
[Result "1-0"]
1.e4 e5
2.Ng1f3 d6
3.d4 exd4
4.Qd1xd4 a6
5.Nb1c3 Nb8c6
6.Qd4d1 Bf8e7
7.Bf1c4 h6
8.Bc1e3 Ng8f6
9.h3 O-O
10.O-O Bc8d7
11.a3 b5
12.Bc4d5 Ra8b8
13.Qd1d3 b4
14.axb4 Nc6xb4
15.Qd3d2 c6
16.Bd5c4 d5
17.exd5 cxd5
18.Bc4d3 Bd7c6
19.Bd3xa6 d4
20.Qd2xd4 Qd8xd4
21.Nf3xd4 Nf6h5
22.Ba6d3 Bc6b7
23.Nc3e4 Be7f6
24.Ne4xf6 Nh5xf6
25.Ra1a4 Nb4c6
26.Rf1a1 Nc6e5
27.Bd3e2 Rb8c8
28.c3 Bb7d5
29.Be2f3 Bd5xf3
30.Nd4xf3 Ne5c4
31.Ra4b4 Nf6d5
32.Rb4b5 Nd5xe3
33.fxe3 Nc4xe3
34.Kf2 Ne3c4
35.Ra1a2 Rf8e8
36.Nf3d4 Nc4d2
37.Ra2a7 Nd2e4
38.Kf1 Ne4d6
39.Rb5d5 Nd6e4
40.Rd5d7 Re8f8
41.Nd4f5 Ne4g5
42.Nf5e7 Kh7
43.Ne7xc8 Rf8xc8
44.h4 Ng5e4
45.Rd7xf7 Rc8g8
46.g4 Ne4d6
47.Rf7d7 Nd6e4
48.Kg2 Ne4c5
49.Rd7e7 Nc5b3
50.g5 hxg5
51.hxg5 Kg6
52.Kg3 Nb3d2
53.Kg4 Nd2c4
54.Re7e6 Kh7
55.Re6h6 1-0

[Event "Coupe Niveau 10"]
[Site "www.echecsemail.com"]
[Date "2026.01.02"]
[Round "1"]
[White "64uiop"]
[Black "Eldiablo90"]
[WhiteElo "2600"]
[BlackElo "2790"]
[Result "1/2-1/2"]
1.e4 c6
2.d4 d5
3.e5 Bc8f5
4.h4 h5
5.Bf1d3 Bf5xd3
6.Qd1xd3 e6
7.Bc1g5 Qd8b6
8.Nb1d2 c5
9.c4 Qb6xb2
10.Ra1d1 Nb8c6
11.Ng1e2 Nc6b4
12.Qd3f3 Nb4c2
13.Kf1 Nc2xd4
14.Ne2xd4 Qb2xd4
15.Rh1h3 Bf8e7
16.Qf3b3 Be7xg5
17.hxg5 Ng8e7
18.cxd5 exd5
19.Qb3b5 Kf8
20.e6 f6
21.Qb5xb7 Ra8e8
22.Qb7xa7 h4
23.Kg1 Rh8h5
24.Rd1b1 Qd4xd2
25.Rh3b3 Rh5xg5
26.Rb3b8 Kg8
27.Rb8xe8 Kh7
28.Re8xe7 Qd2d4
29.Rb1b7 Qd4a1
30.Kh2 Qa1e5
31.Kg1 { nul }1/2-1/2